Value Based Requirements Engineering Exploring Innovative E- Commerce Ideas (Record no. 27170)

MARC details
000 -LEADER
fixed length control field 00348nam a22001337a 4500
003 - CONTROL NUMBER IDENTIFIER
control field OSt
005 - DATE AND TIME OF LATEST TRANSACTION
control field 20220114161035.0
008 - FIXED-LENGTH DATA ELEMENTS--GENERAL INFORMATION
fixed length control field 220114b |||||||| |||| 00| 0 eng d
040 ## - CATALOGING SOURCE
Transcribing agency HU
082 ## - DEWEY DECIMAL CLASSIFICATION NUMBER
Classification number 620.01
100 ## - MAIN ENTRY--PERSONAL NAME
Personal name Gordijn
9 (RLIN) 28089
245 ## - TITLE STATEMENT
Title Value Based Requirements Engineering Exploring Innovative E- Commerce Ideas
942 ## - ADDED ENTRY ELEMENTS (KOHA)
Source of classification or shelving scheme Dewey Decimal Classification
Koha item type Books like text book referance book
Suppress in OPAC No
Holdings
Withdrawn status Lost status Source of classification or shelving scheme Damaged status Not for loan Home library Current library Shelving location Date acquired Total Checkouts Full call number Barcode Date last seen Copy number Price effective from Koha item type
    Dewey Decimal Classification     IoT Library IoT Library General Stacks 01/14/2022   620.01/GOR2002 IOTL0005528 01/14/2022 1 01/14/2022 Books like text book referance book